| 000 | 00404nam a2200145 a 4500 | ||
|---|---|---|---|
| 001 | 1837 | ||
| 003 | CDMR | ||
| 005 | 20130319115007.0 | ||
| 008 | 130130s1994||||||||||||||||||||||||||||d | ||
| 040 |
_aCDMR _bcat _cCPC LLEIDA |
||
| 100 | 1 |
_aBarallat Barés, Jaume _91372 |
|
| 245 | 1 | 0 |
_aL'església sota el franquisme Lleida (1938-1968) _cBARALLAT BARÉS, Jaume |
| 260 |
_aLleida _c1994 _bPagès |
||
| 942 |
_cMON _2udc |
||
| 999 |
_c1837 _d1837 |
||